| 000 | 01228cam a2200373 a 4500 | ||
|---|---|---|---|
| 001 | 8457 | ||
| 003 | FISKH | ||
| 005 | 20250912154144.0 | ||
| 008 | 060713s2006 nyua j 000 1 eng | ||
| 010 | _a 2006018370 | ||
| 020 |
_a0843121041 _qpbk |
||
| 020 |
_a9780843121049 _q(pbk) |
||
| 035 | _a14450703 | ||
| 040 |
_aDLC _cDLC _dDLC _beng |
||
| 050 | _aPZ7.B8398 M | ||
| 082 | _a 314 | ||
| 100 | 1 | _aBryant, Megan E. | |
| 245 | 1 | 0 |
_aMumble's journey / _cadapted by Megan E. Bryant. |
| 260 |
_aNew York : _bPrice Stern Sloan, _c2006. |
||
| 300 |
_a96 pages : _bcolor illustrations ; _c20 cm |
||
| 336 |
_atext _btxt _2rdacontent |
||
| 337 |
_aunmediated _bn _2rdamedia |
||
| 338 |
_avolume _bnc _2rdacarrier |
||
| 500 | _aBased on the movie: Happy feet. | ||
| 505 | _aN | ||
| 520 | _aWhen the penguin elders blame Mumble's unique "happy feet" for the shortage of food, Mumble--a young penguin who loves to dance--bravely sets off on an epic quest to prove them wrong. | ||
| 521 | 8 |
_a530
_bLexile estimate |
|
| 521 | 8 |
_aN
_bRaz-Plus |
|
| 650 |
_aAnimals _xAdventure |
||
| 730 | 0 | _aHappy feet (Motion picture) | |
| 906 |
_a7 _bcbc _corignew _d1 _eecip _f20 _gy-gencatlg |
||
| 942 |
_2ddc _cBK _n0 |
||
| 999 |
_c8457 _d8457 |
||